Amerindian languages of the USA - Statistics

General Stats
  • This quiz has been taken 57 times
    14 since last reset
  • The average score is 7 of 51
Answer Stats
Speakers Answer % Correct
170,000 Navajo
91%
12,320 Cherokee
82%
25,000 Sioux
64%
10,368 Choctaw
55%
48,000 Ojibwe
55%
3,875 Mohawk
45%
38,394 Blackfoot
36%
168 Haida
36%
1,236 Aleut
27%
6,780 Hopi
27%
5,072 Muscogee
27%
18,626 Yupik
27%
3,862 Crow
18%
1,360 Tlingit
18%
400 Alutiiq/Sugpiaq
9%
1,087 Arapho
9%
2,288 Fox (Mesquakie-Sauk-Kickapoo)
9%
1,310 Inuinnaqtun
9%
3,000 Inupiaq
9%
1,150 Inuvialuktun
9%
80 Ahtna
0%
61 Cayuga
0%
963 Comanche
0%
127 Deg Xinag
0%
50 Dena'ina
0%
1,217 Gwich'in
0%
12 Han
0%
445 Havasupai-Hualapi
0%
12 Holikachuk
0%
13,073 Keresan
0%
1,274 Kiowa
0%
300 Koyukon
0%
427 Kumeyaay
0%
800 Maricopa/Piipash
0%
290 Mikasuki
0%
200 Mojave
0%
7,000 Nisga'a
0%
23,313 O'odham
0%
290 Quechan
0%
2,512 Shoshoni
0%
65 Tanacross
0%
30 Tanana
0%
5,625 Tanoan
0%
5,123 Tewa
0%
70 Tsimshian
0%
40 Upper Kuskokwim
0%
100 Upper Tarana
0%
14,012 Western Apache
0%
245 Yavapai
0%
414 Yurok
0%
9,620 Zuni
0%
No matching quizzes found
Score Distribution
Percent of People with Each Score
Percentile by Number Answered
Your Score History
You have not taken this quiz since the last reset